000 00451nam a2200181Ia 4500
001 9913
005 20260306161753.0
008 260306t1969||||xx |||||||||||||| ||spa||
041 _aESP
082 _a808.2
_bC33 Nº 2
100 _aCastagnino, Raúl Héctor
_eAUT
245 0 _aTeatro:
_bteorías sobre el arte dramático (2)
260 _c1969
300 _a78 páginas :
_c19 cm.
650 _aGEN
654 _aCHU
942 _cLIB
_dJUS
_fJUS
_2ddc
_n
999 _c9913
_d9913